Monografia del rey de los gallinazos (Registro nro. 17954)

Detalles MARC
000 -CABECERA
Campo de control 00729nam a22002171a 4500
005 - FECHA Y HORA DE LA ULTIMA TRANSACCION
Campo de control 20191224042231.0
008 - ELEMENTOS DE LONGITUD FIJA—INFORMACION GENERAL
Campo de control 160113b1965 ck a gr|||| 00| 0 spa d
040 ## - FUENTE DE CATALOGACIÓN
Agencia catalogadora original CO-BoIAVH
Agencia transcriptora CO-BoIAVH
041 ## - IDIOMA
Código de idioma para texto/pista de sonido o título separado Español
044 ## - PAÍS DE PUBLICACIÓN
País de publicación Colombia
082 #4 - NUMERO DE CLASIFICACION DECIMAL DEWEY
Número de clasificación 958.09861
Número del ítem O48m
100 ## - ASIENTO PRINCIPAL--NOMBRE PERSONAL
Nombre personal Olivares, Antonio
245 1# - MENCION DE TITULO
Título Monografia del rey de los gallinazos
Parte restante del título Publicacion especial
Mención de responsabilidad Universidad Nacional de Colombia-- Facultad de ciencias-- Instituto de ciencias naturales.
260 ## - PUBLICACION, DISTRIBUCION, ETC. (PIE DE IMPRENTA)
Lugar de publicación, distribución, etc. Colombia
Nombre del editor, distribuidor, etc. Editorial Voluntad LTDA
Fecha de publicación, distribución, etc. 1965
300 ## - DESCRIPCION FISICA
Extensión 22 paginas;
Otros detalles físicos ilustraciones:
Dimensiones 33 x 25 cm
650 #6 - ASIENTO SECUNDARIO DE MATERIA - TERMINO TEMATICO
Término temático o nombre geográfico como elemento de entrada Aves
650 #6 - ASIENTO SECUNDARIO DE MATERIA - TERMINO TEMATICO
Término temático o nombre geográfico como elemento de entrada Neornithae
650 #6 - ASIENTO SECUNDARIO DE MATERIA - TERMINO TEMATICO
Término temático o nombre geográfico como elemento de entrada Falconiformes
650 #6 - ASIENTO SECUNDARIO DE MATERIA - TERMINO TEMATICO
Término temático o nombre geográfico como elemento de entrada Cathartae
942 ## - ELEMENTOS ADICIONALES (KOHA)
Sistema de clasificación Dewey Decimal Classification
Tipo de ítem Folleto
Existencias
Withdrawn status Lost status Sistema de Clasificación Damaged status No para préstamo Colección Inventariado Ubicación Permanente Ubicación actual Fecha de adquisición Total Checkouts Número topográfico Inventario / Código de Barras Date last seen Price effective from Tipo de material
    Dewey Decimal Classification     General Inventariado 2017 Bogotá Bogotá 13/01/2016   LB-958.09861 O48m 042168 13/01/2016 13/01/2016 Folleto